000 00203 a2200097 4500
001 807
100 _aEveritt,W.C
245 _aCommunication engineering
260 _a
_bMcgrawhill
_c
090 _c399
_d399
942 _aNUST-CAE
_cM
_c30255
999 _c235880
_d235880